Classes de SCP - Statistiques

Statistiques générales
  • Ce quiz a été pris 105 fois
  • Le résultat moyen est 6 sur 8
Statistiques - réponses
Par images Réponse % Correct
Keter
96%
Euclide
91%
Sûr
82%
Thaumiel
75%
Neutralisé
63%
Apollyon
61%
Expliqué
51%
Inconnu/Ésotérique
48%
Aucun quiz correspondant
Distribution des résultats
% des personnes avec chaque résultat
Percentile par nombre de réponses
Votre historique - résultats
Vous n’avez pas pris ce quiz